Annecy - Choix Multiples - Statistiques

Statistiques générales
  • Ce quiz a été pris 251 fois
  • Le résultat moyen est 7 sur 10
Statistiques - réponses
Question Réponse % Correct
Laquelle des ces photos représente la ville d'Annecy ?
96%
Quel festival créé en 1960 prend place tous les ans à Annecy ? Festival international du film d'animation
87%
Comment se nomme le réseau de transports en commun qui dessert l'Agglomération d'Annecy ? Sibra
87%
Quelle rivière prenant sa source dans le lac d'Annecy traverse le vieux centre avant de se jeter dans le Fier quelques kilomètres plus loin ? Le Thiou
84%
De quel duché Annecy était-elle l'une des villes principales avant que celui-ci ne soit rattaché à la France en 1860 ? Duché de Savoie
75%
Comment se nomme le grand chef cuisinier Annécien qu'on surnomme parfois "l'homme au chapeau" ? Marc Veyrat
65%
Comment se nomme la Basilique située au sud de la commune qu'on peut apercevoir sur les hauteurs ? Basilique de la Visitation
63%
Parmi ces anciennes communes, laquelle ne fait PAS partie de l'actuelle commune d'Annecy ? Epagny
60%
Quel animal se trouve sur le blason de la ville d'Annecy ? Une Truite
58%
En quelle année la commune nouvelle d'Annecy fut-elle formée par la fusion de 6 différentes communes ? 2017
53%
Aucun quiz correspondant
Distribution des résultats
% des personnes avec chaque résultat
Percentile par nombre de réponses
Votre historique - résultats
Vous n’avez pas pris ce quiz